Komparácia zdaňovania príjmov fyzickej osoby v SR a vo vybranej krajine EÚ bakalárska práca

Saved in:
Bibliographic Details
Main Author: Betáková, Patrícia
Corporate Author: Národohospodárska fakulta EU. Katedra financií
Other Authors: Kušnírová, Jana, 1977-
Format: Book
Language:Slovak
Published: Bratislava 2016
Tags: Add Tag
No Tags, Be the first to tag this record!

MARC

LEADER 00000nbm a2200000 4500
001 0219783
005 20161221092716.8
041 0 |a slo 
044 |a SK 
245 1 0 |a Komparácia zdaňovania príjmov fyzickej osoby v SR a vo vybranej krajine EÚ  |b bakalárska práca  |c Patrícia Betáková ; školiteľ: Jana Kušnírová 
264 1 |a Bratislava  |c 2016 
300 |a 70 s. 
100 1 |a Betáková, Patrícia 
700 1 |a Kušnírová, Jana, 1977- 
710 2 |a Národohospodárska fakulta EU. Katedra financií